000 00469nam a2200181Ia 4500
001 11655
005 20260306162844.0
008 260306t1987||||xx |||||||||||||| ||spa||
041 _aESP
082 _a985.7
_bH83
100 _aHuamán Ramiírez, César
_eAUT
245 0 _aLos secretos de la Amazonía:
_bmanual de supervivencia en la selva
260 _c1987
300 _a313 páginas :
_c20 cm.
650 _aGEN
654 _aCHU
942 _cLIB
_dJUS
_fJUS
_2ddc
_n
999 _c11655
_d11655